| 000 | 00320 a2200121 4500 | ||
|---|---|---|---|
| 005 | 20250403141131.0 | ||
| 082 | _a519 CLA | ||
| 100 | _aCLARK, C. E. | ||
| 245 | _aAn Introduction to Statistics | ||
| 260 |
_aNew York, _bJohn Wiley & Sons, _c1953. |
||
| 300 |
_ax, 266p.: ill,; figure, table _bIndex. _c23cm. |
||
| 942 |
_2ddc _cBKS |
||
| 999 |
_c1100 _d1100 |
||